000 00742cab a2200229 4500
001 WB2912-60
008 090401t1993 xxu||||| |||| 00| 0 eng d
035 _a(Sirsi) u24639
041 _aeng
245 _aAgency sell-off delay refused
260 _c1993
350 _a0
490 _aIndependent
_v25 March 1993, 8(1)
520 _aDemands for the privatisation of the PSA to be suspended have been rejected by the Government. Allegations of fraud have been directed at the PSA and an inquiry is underway.
650 _aFRAUD
650 _aPRIVATISATION
650 _aPROPERTY SERVICES AGENCY
650 _aPUBLIC SECTOR
690 _aMANAGEMENT-BUSINESS MANAGEMENT-PROFESSIONAL PRACTICE
942 _n0
948 _c04/03/1997
999 _c16528
_d16528